00682nam a22002295i 450000100090000000300040000900500170001300800410003001000170007102000180008802500190010603700530012504000230017804200100020108200250021124500530023626400610028930000210035033600260037133700280039733800270042522678155OSt20230916154648.0220705s2022 ii 000 0 eng  a 2022328706 a9780670096862 aI-E-2022328706 bLibrary of Congress -- New Delhi Overseas Office aDLCbengerdacDLC alcode a821.914080954bTHA/P04aThe penguin book of Indian poets /cJeet Thayil. 1aGurugram :bPenguin Random House India Pvt. Ltd.,c2022. axxiii, 883 pages atextbtxt2rdacontent aunmediatedbn2rdamedia avolumebnc2rdacarrier